Competitive evaluation of Singapore oil refineries /
Saved in:
| 主要作者: | |
|---|---|
| 格式: | Thesis 图书 |
| 语言: | English |
| 出版: |
1991.
|
| 主题: | |
| 标签: |
添加标签
没有标签, 成为第一个标记此记录!
|
| LEADER | 00790cam a2200241 a 4500 | ||
|---|---|---|---|
| 001 | u229162 | ||
| 003 | SIRSI | ||
| 008 | 920804s1991 si v 00 1 eng m | ||
| 035 | |a ABB-2753 | ||
| 040 | |a UMM | ||
| 043 | |a a-si--- | ||
| 090 | |a HD9576 |b S55Hua | ||
| 100 | 1 | 0 | |a Huang, Wien Er. |
| 245 | 1 | 0 | |a Competitive evaluation of Singapore oil refineries / |c by Huang Wien Er. |
| 260 | |c 1991. | ||
| 300 | |a vii, 138 leaves : |b ill. ; |c 30 cm. | ||
| 502 | |a Dissertation (M.B.A.) -- National University of Singapore, 1991. | ||
| 504 | |a Bibliography: leaves 137-138. | ||
| 650 | 0 | |a Petroleum refineries |z Singapore. | |
| 650 | 0 | |a Petroleum industry and trade |z Singapore. | |
| 948 | |a 04/08/1992 |b 22/08/2002 | ||
| 596 | |a 1 | ||
| 999 | |a HD9596 S55HUA |w LC |c 1 |i A011061371 |l STACKS |m P01UTAMA |r Y |s Y |t TESIS |u 21/8/1992 | ||
